| 000 -LEADER |
| fixed length control field |
01263pab a2200169 454500 |
| 008 - FIXED-LENGTH DATA ELEMENTS--GENERAL INFORMATION |
| fixed length control field |
180718b2000 xxu||||| |||| 00| 0 eng d |
| 100 ## - MAIN ENTRY--PERSONAL NAME |
| Personal name |
Miner, John B. |
| 245 ## - TITLE STATEMENT |
| Title |
Testing a psychological typology of entrepreneurship using business founders |
| 260 ## - PUBLICATION, DISTRIBUTION, ETC. |
| Date of publication, distribution, etc. |
2000 |
| 300 ## - PHYSICAL DESCRIPTION |
| Extent |
p.43-69 |
| 362 ## - DATES OF PUBLICATION AND/OR SEQUENTIAL DESIGNATION |
| Dates of publication and/or sequential designation |
Mar |
| 520 ## - SUMMARY, ETC. |
| Summary, etc. |
This study follows upon previous research among established entrepreneurs indicating that a four-way psychological typology (i.e., personal achievers, real managers, expert idea generators, and empathic supersalespeople) predicts firm growth. It extends support for the typology to the venture initiation phase and to a student population. The results confirm that those students who are characterized by one or more of the types are more likely to be entrepreneurs after graduation. Measures of entrepreneurial propensities and skill in business plan preparation - both obtained prior to graduation - are also predicted by the typology. As a test of the basic theory, this research provides substantial support. It also extends the domain of that theory to incorporate the enterprise start-up phase. - Reproduced |
| 650 ## - SUBJECT ADDED ENTRY--TOPICAL TERM |
| Topical term or geographic name entry element |
Entrepreneurs |
| 700 ## - ADDED ENTRY--PERSONAL NAME |
| Personal name |
Eugene, Oregon |
| 773 ## - HOST ITEM ENTRY |
| Main entry heading |
Journal of Applied Behavioral Science |
| 909 ## - |
| -- |
44528 |